000 00257nam a22000977a 4500
008 150821b xxu||||| |||| 00| 0 eng d
082 _a320 TOU
100 _aYOUNG ORAN R.
245 _aSYSTEMS OF POLITICAL SCIENCE
260 _aNEW JERSEY
_bPRENTICE-HALL, INC.
_c1968
999 _c416
_d416